00433nam a2200145Ia 4500008004100000041000800041082001200049100002000061245001500081260002900096300002400125365000700149999001700156952011400173240624s9999 xx 000 0 und d aeng a828 FRA aFRANKOPAN PETER aSILK ROADS c2015aLondonbBloomsbury a636 : p. : cm. ; 22 cRS c27887d27887 00104070aIMTNbIMTNcRack 42-Ad2016-09-09g599.00o828 FRAp27887r2024-06-24 00:00:00t1w2024-06-24yBK